Basaglia, dove sei? (Record n. 360208)

Dettagli MARC
000 -LEADER
campo di controllo lung. fissa 00902nam a22002177a 4500
003 - Identificatore del numero di controllo
campo di controllo IT-MiCISF
005 - Data e orario dell'ultima transazione
campo di controllo 20240725125641.0
008 - Elementi di lunghezza fissa--Informazione generale
campo di controllo lung. fissa 240725b |||||||| |||| 00| 0 eng d
040 ## - Fonte della catalogazione
Agenzia che fa la trascrizione IT-MiCISF
041 ## - Codice di lingua
Codice di lingua del testo/traccia sonora o titolo separato it
100 ## - Accesso principale -- nome di persona
Nome di persona Iacovone Luca (et al.)
9 (RLIN) 60942
245 ## - Formulazione del titolo
Titolo Basaglia, dove sei?
250 ## - Formulazione di edizione
Formulazione di edizione "Vita", n. 3, marzo
260 ## - Pubblicazione, distribuzione, ecc. (stampa)
Data di pubblicazione, distribuzione, ecc. 2024
300 ## - Descrizione fisica
Estensione pp. 17-72
500 ## - Nota generale
Nota generale salute-mentale, servizi, sanità, psichiatria, cambiamento, statistica, adolescenza, giovani, età-adulta, associazioni, storia, esperienze, nuovi-media
650 ## - Accesso aggiunto di soggetto--termine topico
Termine topico o nome geografico come accesso Salute / cura
654 ## - Accesso aggiunto di soggetto--termini topici faccettati
Termine principale dossier
700 ## - Accesso aggiunto--nome di persona
Nome di persona Riva M., Munzi F., Taverna F., Colmegna V., Rossi V., Righetti A., Moretti A.,
-- Castronuovo D., Pasqualetti D., Polizzi M., Colombo A., Cavedoni F., Spena A.,
-- Di Mella E., Ciano G., Manna D., Garella N., Nanni E., Del Giudice G.,
-- Rotelli F., Dell'Acqua P.
9 (RLIN) 60943
942 ## - Dati aggiuntivi (Koha)
Fonte della classificazione o dello schema di collocazione (segnatura) Dewey Decimal Classification
Tipo copia default (Koha) RIVISTA
Dati di copia
Ritirato (status) Perso (status) Fonte della classificazione o dello schema di collocazione (segnatura) Danneggiato (status) Non per il presito Biblioteca proprietaria Biblioteca in cui si trova Data d'acquisizione Totale prestiti Collocazione Data ultima operazione Prezzo in vigore dal Tipo copia default (Koha)
    Dewey Decimal Classification Buone Condizioni Not For Loan CISF - Milano CISF - Milano 25/07/2024   DG122 25/07/2024 25/07/2024 RIVISTA
CREDITS: SOCIETA' SAN PAOLO Via A.Severo, 58 - ROMA (RM) & PERIODICI SAN PAOLO SRL Via Giotto, 36 MILANO & CISF Via Giotto, 36 MILANO & EDIZIONI SAN PAOLO SRL,  Piazza Soncino, 5 CINISELLO BALSAMO (MI) -- ITALY